Các con đường của triết học phương tây hiện đại
Sách trình bày hàm súc, cô đọng, độc đáo, vượt qua lối mòn truyền thống; sách đưa ra những nhận định sắc sảo, táo bạo, nhưng khách quan và đúng mực, về các trường phái triết học khác nhau; và cuối cùng, ở tính khái quát cao. Sách giúp ngưo...
Đã lưu trong:
| 主要作者: | |
|---|---|
| 格式: | 图书 |
| 语言: | Undetermined |
| 出版: |
Hà Nội
Giáo dục
1997
|
| 标签: |
添加标签
没有标签, 成为第一个标记此记录!
|
| Thư viện lưu trữ: | Trung tâm Học liệu Trường Đại học Cần Thơ |
|---|
| LEADER | 01433nam a2200169Ia 4500 | ||
|---|---|---|---|
| 001 | CTU_21905 | ||
| 008 | 210402s9999 xx 000 0 und d | ||
| 082 | |a 190 | ||
| 082 | |b M531 | ||
| 100 | |a J K Melvil | ||
| 245 | 0 | |a Các con đường của triết học phương tây hiện đại | |
| 245 | 0 | |c J K Melvil; Dịch giả: Đinh Ngọc Thạch, Phạm Đình Nghiệm | |
| 260 | |a Hà Nội | ||
| 260 | |b Giáo dục | ||
| 260 | |c 1997 | ||
| 520 | |a Sách trình bày hàm súc, cô đọng, độc đáo, vượt qua lối mòn truyền thống; sách đưa ra những nhận định sắc sảo, táo bạo, nhưng khách quan và đúng mực, về các trường phái triết học khác nhau; và cuối cùng, ở tính khái quát cao. Sách giúp người đọc hình dung được bức tranh tổng thể về triết học phương Tây thế kỉ XX, cảm nhận thực trạng và triển vọng của nó, xem xét nó như thành quả không tách rời của văn hóa nhân loại, mặc dầu còn chứa đựng những khiếm khuyết và những hạn chế khó tránh khỏi do tính chế định của lịch sử - xã hội và ý thức hệ của những người đại diện. | ||
| 980 | |a Trung tâm Học liệu Trường Đại học Cần Thơ | ||